[Event "GER-chT U16 Girls"]
[Site "Magdeburg"]
[Date "2023.12.28"]
[Round "3.4"]
[White "Gruber, Florentine"]
[Black "Yamshchikova, Alisa"]
[Result "0-1"]
[WhiteElo "1168"]
[BlackElo "1323"]
[PlyCount "84"]
[EventDate "2023.12.26"]
[EventType "team-swiss"]
[EventRounds "7"]
[EventCountry "GER"]
[SourceTitle "CB03_2024"]
[SourceDate "2024.01.17"]
[SourceVersion "1"]
[SourceVersionDate "2024.01.17"]
[SourceQuality "1"]
[WhiteTeam "Paderborn Akademie"]
[BlackTeam "Oberschoeneweide"]
[WhiteTeamCountry "GER"]
[BlackTeamCountry "GER"]

1. d4 d5 2. Nf3 Nf6 3. g3 e6 4. Bg2 c5 5. 0-0 Nc6 6. b3 Be7 7. c4 dxc4 8. bxc4 cxd4 9. Bb2 e5 10. Qa4 0-0 11. Rd1 Qc7 12. Na3 a6 13. Rac1 Be6 14. Ng5 Bf5 15. c5 h6 16. Nf3 Ne4 17. Qc4 Nxc5 18. Nh4 Be6 19. Qc2 Bxa2 20. Qf5 Bb3 21. Rf1 Na4 22. Qb1 Bg5 23. Bxd4 Bxc1 24. Rxc1 exd4 25. Qxb3 Nc3 26. Kf1 Qe7 27. e3 Na5 28. Qb2 Na4 29. Nf5 Qxe3 30. fxe3 Nxb2 31. Nxd4 Nd3 32. Rc3 Nb4 33. Rc5 Nac6 34. Nf5 Rfd8 35. Rc1 h5 36. Ke2 a5 37. h3 Rd3 38. Bxc6 bxc6 39. Nc2 Rc3 40. Kd2 Rxc2+ 41. Rxc2 Nxc2 42. Kxc2 f6 0-1

[Event "GER-ch U12 Girls"]
[Site "Willingen"]
[Date "2022.06.09"]
[Round "7"]
[White "Yamshchikova, Alisa"]
[Black "Zhou, Leyi Charlotte"]
[Result "1-0"]
[WhiteElo "1216"]
[BlackElo "1315"]
[PlyCount "105"]
[EventDate "2022.06.04"]
[EventType "swiss"]
[EventRounds "9"]
[EventCountry "GER"]
[SourceTitle "CBM 208 Extra"]
[Source "ChessBase"]
[SourceDate "2022.07.31"]
[SourceVersion "1"]
[SourceVersionDate "2022.07.31"]
[SourceQuality "1"]

1. e4 e5 2. Nf3 Nc6 3. Bb5 a6 4. Ba4 Nf6 5. 0-0 Be7 6. Re1 b5 7. Bb3 d6 8. h3 0-0 9. c3 Nb8 10. d4 Nbd7 11. Nbd2 Bb7 12. Bc2 c5 13. Nf1 Re8 14. Bg5 Bf8 15. d5 g6 16. Ne3 Bg7 17. Ng4 c4 18. Qd2 a5 19. a3 h5 20. Nxf6+ Nxf6 21. Nh4 Qd7 22. Bh6 Kh7 23. Bxg7 Kxg7 24. Qg5 Nh7 25. Qg3 Kh8 26. Re3 Rg8 27. Rf1 Raf8 28. Kh2 Nf6 29. Qg5 Nh7 30. Qh6 Qe7 31. g3 Bc8 32. Rg1 Qd7 33. g4 g5 34. Nf5 h4 35. Qxd6 Qxd6 36. Nxd6 Bd7 37. Rf3 f6 38. Rb1 Rb8 39. b3 Rb6 40. bxc4 Rxd6 41. c5 Ra6 42. c6 Bxc6 43. dxc6 Rxc6 44. Rxb5 Rgc8 45. Rxa5 Rxc3 46. Rxc3 Rxc3 47. Bb1 Rb3 48. Ra8+ Kg7 49. Ba2 Rb7 50. Rg8+ Kh6 51. Be6 f5 52. Bxf5 Rb6 53. Rh8 1-0

[Event "GER-ch U12 Girls"]
[Site "Willingen"]
[Date "2022.06.08"]
[Round "6"]
[White "Halas, Neele Zoe"]
[Black "Yamshchikova, Alisa"]
[Result "1-0"]
[WhiteElo "1415"]
[BlackElo "1216"]
[PlyCount "83"]
[EventDate "2022.06.04"]
[EventType "swiss"]
[EventRounds "9"]
[EventCountry "GER"]
[SourceTitle "CBM 208 Extra"]
[Source "ChessBase"]
[SourceDate "2022.07.31"]
[SourceVersion "1"]
[SourceVersionDate "2022.07.31"]
[SourceQuality "1"]

1. e4 c5 2. Nf3 Nc6 3. d4 cxd4 4. Nxd4 Nf6 5. Nc3 e5 6. Ndb5 d6 7. Nd5 Nxd5 8. exd5 Nb8 9. c4 Be7 10. Be2 0-0 11. 0-0 f5 12. f4 a6 13. Nc3 e4 14. Be3 Nd7 15. Qc2 Rf7 16. Rfd1 g5 17. b4 gxf4 18. Bxf4 Qb6+ 19. Kh1 Qxb4 20. Rab1 Qc5 21. Bh5 Rf8 22. Bh6 Qxc4 23. Bxf8 Kxf8 24. Be2 Qc5 25. Qd2 e3 26. Qe1 b5 27. Rbc1 Qb4 28. Qg3 f4 29. Rf1 Bf6 30. Rxf4 Qc5 31. Rff1 Qd4 32. Qxd6+ Kf7 33. Bh5+ Kg7 34. Qg3+ Kf8 35. Ne2 Qxd5 36. Bf3 Qxa2 37. Qd6+ Kg7 38. Bxa8 Qxe2 39. Qg3+ Kf7 40. Bf3 Qd2 41. Rxc8 b4 42. Rd1 1-0

[Event "GER-ch U12 Girls"]
[Site "Willingen"]
[Date "2022.06.05"]
[Round "1"]
[White "Yamshchikova, Alisa"]
[Black "Ignatova, Gabriela"]
[Result "1-0"]
[WhiteElo "1216"]
[BlackElo "1170"]
[PlyCount "87"]
[EventDate "2022.06.04"]
[EventType "swiss"]
[EventRounds "9"]
[EventCountry "GER"]
[SourceTitle "CBM 208 Extra"]
[Source "ChessBase"]
[SourceDate "2022.07.31"]
[SourceVersion "1"]
[SourceVersionDate "2022.07.31"]
[SourceQuality "1"]

1. e4 c5 2. Nf3 Nc6 3. d4 cxd4 4. Nxd4 g6 5. c4 Bg7 6. Be3 Nf6 7. f3 0-0 8. Nc3 d6 9. Be2 e5 10. Ndb5 Be6 11. Nxd6 Qa5 12. Nxb7 Qb4 13. Qb3 Qxb3 14. axb3 Rab8 15. Nc5 Rfd8 16. Nxe6 fxe6 17. Nb5 Nb4 18. Rxa7 Nc2+ 19. Kf2 Rf8 20. Bc1 Nxe4+ 21. Kg1 Ng5 22. Bxg5 h6 23. Bd2 Rbd8 24. Bc3 e4 25. Rxg7+ Kh8 26. Rxg6+ Kh7 27. Rxe6 Rg8 28. Rxe4 Rge8 29. Rxe8 Rxe8 30. Bd3+ Kg8 31. Bxc2 Re2 32. Be4 h5 33. Kf1 Rxe4 34. fxe4 Kf7 35. Ke2 Ke6 36. Rd1 h4 37. c5 h3 38. gxh3 Ke7 39. c6 Ke6 40. c7 Ke7 41. c8Q Kf7 42. Qd7+ Kg6 43. Rg1+ Kh5 44. Qh7# 1-0